| 000 | 00624nam a2200193Ia 4500 | ||
|---|---|---|---|
| 005 | 20250508165940.0 | ||
| 008 | 008 250505s9999 xx 000 0 eng d | ||
| 037 | _aDissertations | ||
| 040 |
_aFEDL _beng _cFEDL |
||
| 041 |
_aeng _2eng |
||
| 084 |
_a371.26, GOS/DI _qFEDL |
||
| 100 |
_aGoswami Priyanka _9782500 |
||
| 245 | 0 | _aReinstating of compulasory board examination for class 10: Investigating the experiences of students of 2017-2018 batch | |
| 260 | _c2018 | ||
| 300 | _a87p. | ||
| 546 | _aM.Ed. Dissertation, (Delhi University) | ||
| 942 |
_cDIS _h371.26, GOS/DI |
||
| 999 |
_c1398362 _d1398362 |
||